000 00506cam a2200145 4500500
005 20260208010202.0
041 _afre
042 _adc
100 1 0 _aMoureau, François
_eauthor
245 0 0 _aDe la bibliophilie à l'histoire littéraire
260 _c2015.
500 _a8
786 0 _nRevue d'histoire littéraire de la France | 115 | 1 | 2015-01-27 | p. 5-20 | 0035-2411
856 4 1 _uhttps://shs.cairn.info/revue-d-histoire-litteraire-de-la-france-2015-1-page-5?lang=fr&redirect-ssocas=7080
999 _c1655468
_d1655468